Statistics for Countries With Longest Rail Networks

Click here to take the quiz!

General Stats

  • This quiz has been taken 98 times
  • The average score is 9 of 11

Answer Stats

Railway Length (km)Answer% Correct
67,368India
99%
257,722United States
99%
85,513Russia
98%
127,000China
97%
37,743Brazil
95%
46,552Canada
93%
38,445Australia
91%
36,966Argentina
85%
43,468Germany
84%
31,000South Africa
49%
1,370,782World
16%

Score Distribution

Percentile by Number Answered

Percent of People with Each Score

Your Score History

You have not taken this quiz